000
00206nam a2200085Ia 4500
008
120527s9999 xx 000 0 und d
100
_a
Allen, Linda
245
_a
Capital marketing and institution
942
_c
BK
999
_c
27244
_d
27244